Plutarco Elías Calles : reformar desde el origen.
محفوظ في:
| المؤلف الرئيسي: | |
|---|---|
| مؤلفون آخرون: | |
| التنسيق: | كتاب |
| اللغة: | الإسبانية |
| سلاسل: | (México siglo XX. Revolución ;
|
| الموضوعات: | |
| الوسوم: |
لا توجد وسوم, كن أول من يضع وسما على هذه التسجيلة!
|
MARC
| LEADER | 00000nam^a2200000^u^4500 | ||
|---|---|---|---|
| 001 | 000502458 | ||
| 005 | 20250521000000.0 | ||
| 008 | 071204s1000^^^^^^^^^^^^r^^^^^000^0^spa^d | ||
| 009 | 20260310125828.822 | ||
| 035 | |a FCE 000046650 | ||
| 037 | |a Acervo ITESO - Biblioteca | ||
| 041 | |a spa | ||
| 082 | 0 | 4 | |a 923.572 |b MSVR 7 |
| 100 | |a Ávila, Alberto |e (autor) | ||
| 245 | 1 | 0 | |a Plutarco Elías Calles : |b reformar desde el origen. |h [videograbación] |
| 264 | |a México : |b Clío : La Jornada ediciones, |c 1998. | ||
| 300 | |a 1 videocasete [45 min.] |b son. col. | ||
| 336 | |a texto |b txt |2 rdacontenido | ||
| 337 | |a sin mediación |b n |2 rdamedio | ||
| 338 | |a volumen |b nc |2 rdasoporte | ||
| 440 | 1 | |a (México siglo XX. Revolución ; |n 7) | |
| 596 | |a Basado en la obra de Enrique Krauze. | ||
| 596 | |a "Maestro de primaria, agricultor y comerciante. Simpatizó con la Revolución y fue uno de sus jóvenes generales. Ocupó diversos cargos durante el gobierno de Obregón. Presidente en 1924, se caracterizó por una dictadura pedagógica en la que se fundó la Comisión Nacional Bancaria, el Banco de Mexico y el Partido Nacional Revolucionario. Su política anticlerical llevó a los campesinos de occidente a levantarse en armas. Terminada su gestión oficial, desde sus retiros movía piezas del tablero nacional: se convirtió en el "Jefe Máximo", hasta que el presidente Cárdenas lo expulsó del país". | ||
| 596 | |a Formato VHS | ||
| 649 | |a XX | ||
| 650 | |a Historia | ||
| 650 | |a Siglo veinte | ||
| 650 | |a Biografías | ||
| 650 | |a México | ||
| 650 | |a Presidentes | ||
| 650 | |a Revolución mexicana | ||
| 600 | |a Calles, Plutarco Elías | ||
| 700 | |a Roldán, Diana, |e prod |e (autor) | ||
| 910 | |a Fondo Centro de Estudios Educativos | ||
| 920 | |a Impresos - Libros | ||
| 930 | |a Fondos Especiales | ||
| 905 | |a 133 | ||
| 901 | |a ALE063100 |b IT2 |c CEE |u 20250521 | ||
| 902 | |a https://opac.biblio.iteso.mx/vufind/Record/000502458 | ||